[Event "York Region April op"]
[Site "Richmond Hill CAN"]
[Date "2007.04.15"]
[Round "5"]
[White "Thorvardson, Craig"]
[Black "Armstrong, Robert J"]
[Result "1-0"]
[WhiteElo "1954"]
[BlackElo "1740"]
[PlyCount "75"]
[GameId "2160767910693119"]
[EventDate "2007.04.14"]
[EventType "swiss"]
[EventRounds "5"]
[EventCountry "CAN"]

1. e4 g6 2. d4 Bg7 3. Be3 d6 4. Nc3 Nf6 5. f3 O-O 6. Bc4 c6 7. Qd2 b5 8. Bb3 a5 9. a3 Bb7 10. h4 h5 11. Bg5 Nbd7 12. g4 b4 13. Nce2 c5 14. gxh5 Nxh5 15. Nf4 Ndf6 16. Nxg6 Re8 17. Nf4 bxa3 18. bxa3 cxd4 19. Nxh5 Nxh5 20. Bh6 Qc7 21. Ne2 d5 22. Rg1 Ra6 23. O-O-O Qd6 24. Bxg7 Nxg7 25. a4 Rb6 26. Qxd4 e5 27. Qe3 d4 28. Nxd4 exd4 29. Qxd4 Qa3+ 30. Kb1 Rxb3+ 31. cxb3 Qxb3+ 32. Qb2 Bxe4+ 33. fxe4 Qxb2+ 34. Kxb2 Rxe4 35. Rd5 Kf8 36. Rxa5 Rxh4 37. Ra8+ Ne8 38. Re1 1-0